000 00434nam a2200181Ia 4500
001 422
005 20260306140516.0
008 260306t1954||||xx |||||||||||||| ||spa||
041 _aESP
082 _a111.85
_bL547
100 _aListowel, Conde de,
_eAUT
245 0 _aHistoria crítica de la estética moderna
260 _c1954
300 _a276 páginas :
_c21 cm.
650 _aGEN
654 _aCHU
942 _cLIB
_dJUS
_fJUS
_2ddc
_n
999 _c422
_d422